[Event "ARG-ch sf U2000"]
[Site "Villa Carlos Paz"]
[Date "2018.06.30"]
[Round "2.1"]
[White "Dickau, Daniel"]
[Black "Palmieri, Daniel"]
[Result "1-0"]
[WhiteElo "1972"]
[BlackElo "1746"]
[PlyCount "65"]
[EventDate "2018.06.30"]
[EventType "swiss"]
[EventRounds "5"]
[EventCountry "ARG"]
[SourceTitle "EXT 2024"]
[Source "ChessBase"]
[SourceDate "2023.10.10"]
[SourceVersion "1"]
[SourceVersionDate "2023.10.10"]
[SourceQuality "1"]

1. Nf3 Nf6 2. d4 d5 3. c4 e6 4. Nc3 Bb4 5. Qa4+ Nc6 6. e3 0-0 7. Bd3 Ne4 8. Qc2 f5 9. 0-0 g5 10. cxd5 exd5 11. Nxd5 Re8 12. Nxb4 Nxb4 13. Qc4+ Nd5 14. a3 Be6 15. Qc2 Nd6 16. Bd2 g4 17. Ne5 Rc8 18. Rfe1 Qf6 19. Rac1 c5 20. Nxg4 fxg4 21. dxc5 Rf8 22. Bxh7+ Kg7 23. Re2 Rh8 24. e4 Rxh7 25. exd5 Qh4 26. Qc3+ Kf8 27. Qg3 Qxg3 28. hxg3 Bxd5 29. cxd6 Rxc1+ 30. Bxc1 Bc6 31. Bg5 Rh5 32. Re5 Bd7 33. Be7+ 1-0

[Event "Asuncion zt 2.5"]
[Site "Asuncion"]
[Date "2015.04.30"]
[Round "5"]
[White "Bento, Robert"]
[Black "Palmieri, Daniel"]
[Result "0-1"]
[WhiteElo "1672"]
[BlackElo "1833"]
[PlyCount "92"]
[EventDate "2015.04.27"]
[EventType "swiss"]
[EventRounds "9"]
[EventCountry "PAR"]
[SourceTitle "CBM 166 Extra"]
[Source "ChessBase"]
[SourceDate "2015.06.18"]
[SourceVersion "1"]
[SourceVersionDate "2015.06.18"]
[SourceQuality "1"]

1. e4 e6 2. d4 d5 3. e5 c5 4. c3 Nc6 5. Nf3 Qb6 6. a3 f6 7. exf6 gxf6 8. Bd3 Bd7 9. b4 cxd4 10. cxd4 0-0-0 11. Be3 Bd6 12. Nc3 Kb8 13. Na4 Qc7 14. Nc5 e5 15. Nxd7+ Qxd7 16. Bb5 Nge7 17. Rc1 Rhg8 18. g3 e4 19. Nh4 f5 20. Ng2 a6 21. Ba4 b5 22. Bb3 Ng6 23. Qd2 a5 24. Qe2 Nxb4 25. axb4 Bxb4+ 26. Bd2 f4 27. Nxf4 Nxf4 28. gxf4 Bxd2+ 29. Qxd2 a4 30. Ba2 Rc8 31. Rc5 Rxc5 32. dxc5 Rd8 33. Qd4 Qg4 34. c6 Kc7 35. Qe5+ Kxc6 36. Kd2 Rd6 37. Rc1+ Kd7 38. Rc3 b4 39. Rg3 Qe6 40. Rg7+ Kc6 41. Qd4 Qf6 42. Qa7 Qb2+ 43. Ke3 Qa3+ 44. Ke2 Qxa2+ 45. Kf1 Qa1+ 46. Kg2 Qxg7+ 0-1

[Event "Asuncion zt 2.5"]
[Site "Asuncion"]
[Date "2015.04.29"]
[Round "4"]
[White "Palmieri, Daniel"]
[Black "Salinas, Victor"]
[Result "1/2-1/2"]
[WhiteElo "1833"]
[BlackElo "1653"]
[PlyCount "50"]
[EventDate "2015.04.27"]
[EventType "swiss"]
[EventRounds "9"]
[EventCountry "PAR"]
[SourceTitle "CBM 166 Extra"]
[Source "ChessBase"]
[SourceDate "2015.06.18"]
[SourceVersion "1"]
[SourceVersionDate "2015.06.18"]
[SourceQuality "1"]

1. e4 b6 2. Nc3 e6 3. d4 Bb7 4. Bd3 Nf6 5. Bg5 Bb4 6. a3 Bxc3+ 7. bxc3 h6 8. Bxf6 Qxf6 9. Qf3 Qg6 10. Ne2 f5 11. d5 0-0 12. c4 Na6 13. 0-0 Nc5 14. exf5 exf5 15. Nf4 Qd6 16. Rfe1 Nxd3 17. cxd3 Rae8 18. Nh5 Qxa3 19. h3 Rxe1+ 20. Rxe1 Qd6 21. Qe3 a5 22. Qd4 Qg6 23. Re7 Rf7 24. Re8+ Rf8 25. Re7 Rf7 1/2-1/2

[Event "Asuncion zt 2.5"]
[Site "Asuncion"]
[Date "2015.04.28"]
[Round "2"]
[White "Jimenez, Joaquin Rodrigo"]
[Black "Palmieri, Daniel"]
[Result "1-0"]
[WhiteElo "2205"]
[BlackElo "1833"]
[PlyCount "95"]
[EventDate "2015.04.27"]
[EventType "swiss"]
[EventRounds "9"]
[EventCountry "PAR"]
[SourceTitle "CBM 166 Extra"]
[Source "ChessBase"]
[SourceDate "2015.06.18"]
[SourceVersion "1"]
[SourceVersionDate "2015.06.18"]
[SourceQuality "1"]

1. e4 Nc6 2. Nf3 d5 3. exd5 Qxd5 4. Nc3 Qa5 5. Bb5 Bd7 6. d3 a6 7. Ba4 Nf6 8. Bd2 0-0-0 9. Bb3 Be8 10. Qe2 e6 11. 0-0-0 Bb4 12. a3 Bxc3 13. Bxc3 Qb6 14. Qe3 Qxe3+ 15. fxe3 Nd5 16. Bd2 e5 17. Rhf1 f6 18. g4 h6 19. Nh4 Nce7 20. Nf5 Nxf5 21. gxf5 g5 22. fxg6 Bxg6 23. e4 Nf4 24. Bxf4 exf4 25. Rxf4 Rd6 26. Rdf1 Rf8 27. e5 Rb6 28. Rxf6 Rbxf6 29. exf6 Kd7 30. Kd2 Bf7 31. c4 c5 32. Bd1 Ke6 33. Bg4+ Ke5 34. Rf5+ Kd6 35. Bf3 b6 36. Bd5 Be6 37. Bxe6 Kxe6 38. Rf3 Rxf6 39. Rxf6+ Kxf6 40. Ke3 Ke5 41. b3 h5 42. b4 h4 43. h3 cxb4 44. axb4 a5 45. bxa5 bxa5 46. d4+ Kf5 47. c5 a4 48. Kd3 1-0